| 000 | 01100cam a22002651i 4500 | ||
|---|---|---|---|
| 003 | SA-RiAUC | ||
| 005 | 20250616083626.0 | ||
| 008 | 250616q19001999ti j 000 0bara c | ||
| 040 |
_aTN_BIBPUB _bara _cSA-RiAUC _erda |
||
| 082 | 0 | 4 |
_a239.2 _qSA-RiAUC |
| 090 |
_a239.2 _b ا ب ن ع |
||
| 100 | 1 |
_aبن عاشور، محمد الطاهر، _d1296-1393 هجري _eمؤلف. |
|
| 245 | 1 | 0 |
_aقصة المولد / _cمحمد الطاهر بن عاشور. |
| 264 | 1 |
_aتونس : _bالدار التونسية، _c[بين 1900 و1999] |
|
| 300 |
_a108،58 صفحة ؛ _c23 سم |
||
| 336 |
_aنص _btxt _2rdacontent _3كتاب |
||
| 337 |
_aبدون وسيط _bn _2rdamedia |
||
| 338 |
_aمجلد _bnc _2rdacarrier |
||
| 521 | _aموجه للأطفال. | ||
| 600 | 0 | 7 |
_aمحمد (صلى الله عليه وسلم)، _d53 قبل الهجرة-11 هجري _vقصص الناشئة _2aucnm |
| 650 | 7 |
_aالمولد النبوي _vقصص الناشئة _2aucsh |
|
| 650 | 7 |
_aالسيرة النبوية _vقصص الناشئة _2aucsh |
|
| 942 |
_2ddc _cBOOK _n0 |
||
| 949 |
_aSA-JeALM _d250616 _umohamedma123 _n1 |
||
| 999 |
_c9042 _d9042 |
||